00843nas a2200229Ia 4500001001600000003001000016008004100026040002500067041001300092100002400105210001800129222001800147245006600165250001100231260000900242501012300251300001300374362002300387500016800410650002400578700001100602A03/R024-39097 IT-MiCISF161014c99999999xx |||||||||||| ||und|| aIT-MiCISFcIT-MiCISF aITALIANO aManenti Alessandro  aFamiglia oggi aFamiglia oggi 0aGenitori e punizioni. Come rendere i figli più responsabili a1a ed. c2004 bCISF - Centro Internazionale Studi Famiglia - Via Giotto, 36 20145 MILANO (non commercial uses only)cCopyright 2016 app. 8-55 an. 3, marzo [2004] aNovara D., Piaia G., Cavedo R., De Pieri S., Zattoni M., Gillini G., Dal Toso P. Tema: educazione-bambini, autorità-parentale, cultura, pedagogia, bibbia, scuola aEDUCAZIONEvdossier aAA.VV.